عرض عادي
عرض مارك
- McLean, Sarah J.,
دخول Personal Name
001 - CONTROL NUMBER
- control field: 21091
003 - CONTROL NUMBER IDENTIFIER
- control field: AE-AdECS
005 - DATE AND TIME OF LATEST TRANSACTION
- control field: 20251001104753.0
008 - FIXED-LENGTH DATA ELEMENTS
- fixed length control field: 251001|| aca||aabn | a|a d
040 ## - CATALOGING SOURCE
- Original cataloging agency: AE-AdECS
- Transcribing agency: AE-AdECS
100 ## - HEADING--PERSONAL NAME
- Personal name: McLean, Sarah J.,
- Dates associated with a name: 1971-
670 ## - SOURCE DATA FOUND
- Source citation: Work cat.: (AE-AdECS)292459: Worden, Robert E., author. 21088, Mirage of police reform :
